| 000 | 00547cam a2200205 a 4500 | ||
|---|---|---|---|
| 001 | 1914085 | ||
| 005 | 20180224035317.0 | ||
| 008 | 850515s1986 njua 001 0 eng | ||
| 010 | _a 85009599 | ||
| 020 | _a0132942992 | ||
| 040 |
_aDLC _cDLC _dDLC |
||
| 041 | _aeng | ||
| 080 | _a658.45 | ||
| 082 | 0 | 0 |
_a658.45 PET _219 |
| 100 | 1 | _a54 | |
| 101 | _aLID | ||
| 245 | 1 | 0 |
_aExecutive's guide to data communications in the corporate environment / _cHenry H. Petersohn. |
| 906 |
_a7 _bcbc _corignew _d1 _eocip _f19 _gy-gencatlg |
||
| 942 |
_2ddc _cBK |
||
| 999 |
_c43365 _d43365 |
||